000 00351nam a2200145Ia 4500
008 151213s9999 xx 000 0 und d
100 _aHafiz Uddin
245 _aBasic accounting
_cHafiz Uddin
260 _aDhaka
_bThe angel pub.
_c2004
300 _a1711 p.
650 _aAccounting
650 _aAccounting
700 _aHafiz Uddin
999 _c1264
_d1264